Stakeholder-oriented valuation to support water resources management processes : Confronting concepts with local practice
Salvato in:
| Natura: | Libro |
|---|---|
| Lingua: | Undetermined |
| Pubblicazione: |
Rome
FAO
2006
|
| Soggetti: | |
| Tags: |
Aggiungi Tag
Nessun Tag, puoi essere il primo ad aggiungerne! !
|
| Thư viện lưu trữ: | Trung tâm Học liệu Trường Đại học Cần Thơ |
|---|
| LEADER | 00605nam a2200181Ia 4500 | ||
|---|---|---|---|
| 001 | CTU_103765 | ||
| 008 | 210402s9999 xx 000 0 und d | ||
| 082 | |a 333.9117 | ||
| 082 | |b S777 | ||
| 245 | 0 | |a Stakeholder-oriented valuation to support water resources management processes : | |
| 245 | 0 | |b Confronting concepts with local practice | |
| 260 | |a Rome | ||
| 260 | |b FAO | ||
| 260 | |c 2006 | ||
| 650 | |a Water-supply,Water resources development | ||
| 650 | |x Developing countries,Management,Developing countries,Management | ||
| 904 | |i Minh | ||
| 980 | |a Trung tâm Học liệu Trường Đại học Cần Thơ | ||